000 00359pab a2200145 454500
008 180718b1991 xxu||||| |||| 00| 0 eng d
100 _aTotade, S.D.
245 _aComputerisation at depot - level
260 _c1991
300 _a29-30
362 _aJan.
650 _aComputers - transportation
773 _aJournal of Transport Management
909 _a6497
999 _c6497
_d6497